Score 0/300 Timer 20:00
2 Plays Today
Rank Name % Correct
34Anna
84.8%
1Emma
84.1%
7Emily
82%
14Elizabeth
81%
167Sara
80.9%
212Eliza
80.7%
120Mary
79.5%
50Sarah
79.3%
2Olivia
77.4%
220Jennifer
77%
28Hannah
76%
179Jessica
75.7%
144Isabel
74.7%
170Catherine
73.9%
83Katherine
73.7%
207Kate
73.5%
115Maria
73.1%
155Rachel
72.6%
3Sophia
71%
4Isabella
70.1%
86Julia
69.8%
21Grace
69.2%
280Katie
68.9%
94Lauren
68.8%
194Rose
68.6%
10Charlotte
68.6%
63Alexa
68.5%
19Victoria
68.3%
18Chloe
68.2%
148Amy
68.1%
9Madison
68%
5Ava
67.9%
33Samantha
67.5%
17Ella
67.1%
27Lily
67%
91Sophie
66.6%
8Abigail
65.9%
184Rebecca
65.7%
87Ashley
65.6%
92Alexandra
64.7%
32Zoe
64.1%
82Eva
63.6%
70Bella
63.1%
187Michelle
62.3%
58Caroline
61.6%
129Nicole
61.5%
38Allison
61.4%
23Natalie
61.1%
6Mia
60.6%
15Amelia
60.3%
275Angel
60%
64Alexis
59.2%
105Kimberly
58.9%
264Danielle
58.7%
62Lucy
58.5%
224Melissa
58.4%
205Stephanie
58.4%
77Taylor
58.3%
96Isabelle
58.2%
222Ana
57.7%
44Claire
57%
169Margaret
57%
35Leah
56.6%
122Molly
56.5%
31Aria
56.1%
97Alice
56.1%
55Ellie
56%
85Brianna
55.2%
102Kayla
54.7%
16Evelyn
54.7%
297Diana
54.3%
12Sofia
54.2%
266Jenna
54%
73Kylie
53.7%
100Jasmine
53.6%
89Madeline
53.4%
81Faith
52.8%
51Hailey
52.5%
43Gabriella
52.3%
191Angela
52.2%
76Alyssa
52.2%
25Lillian
52.2%
125Andrea
52.2%
22Zoey
52.1%
137Brooke
52%
24Addison
51.9%
36Audrey
51.9%
247Jordan
51.8%
173Gabrielle
51.1%
49Nora
50.9%
289Alison
50.7%
124Lilly
50.6%
231Hope
50.5%
47Riley
49.8%
67Violet
49.6%
101Morgan
49.6%
79Melanie
49.6%
139Jade
49.6%
13Avery
49.5%
171Vanessa
49.4%
Rank Name % Correct
180Daisy
49.1%
26Brooklyn
49.1%
42Penelope
49%
20Aubrey
48.5%
108Clara
48.4%
158Kaitlyn
48.3%
37Ariana
47.5%
282Olive
47.4%
74Maya
47.4%
265Haley
47.2%
211Alexandria
47.2%
57Annabelle
47.1%
90Ruby
47%
293Kathryn
46.7%
243Georgia
46.6%
40Arianna
46.5%
69Mackenzie
46.5%
39Savannah
46.4%
153Angelina
46.1%
78Eleanor
45.9%
88Khloe
45.4%
104Bailey
45.4%
11Harper
44.6%
103Cora
44.5%
52Kaylee
44.1%
246Jacqueline
44.1%
135Paige
44%
239Maggie
43.8%
66Stella
43.6%
176Valerie
43.6%
172Katelyn
43.5%
204Fiona
43.5%
111Natalia
43.1%
29Layla
42.8%
160Destiny
42.5%
147Josephine
42.4%
131Kendall
42.3%
258Juliet
42.2%
162Gracie
42.2%
71Autumn
42.1%
59Madelyn
41.9%
98Vivian
41.7%
274Chelsea
41.1%
257Allie
41%
183Lila
40.8%
146Ivy
40.8%
56Peyton
40.7%
133Ariel
40.4%
126Quinn
40.3%
236Lola
40.1%
30Scarlett
40%
121Elena
39.9%
295Nina
39.9%
145Mckenzie
39.8%
46Sadie
39.6%
185Julianna
39.4%
182Summer
39.4%
84Lydia
39.4%
109Sydney
39.3%
80Naomi
39.2%
254Josie
38.7%
298Phoebe
37.9%
166Elise
37.7%
286Elsa
37.7%
203Esther
37.3%
292Jada
37.3%
136Mariah
37.2%
238Miranda
37.1%
157Juliana
37.1%
177Adriana
37.1%
225Daniela
36.9%
134Payton
36.9%
245Iris
36.8%
156Melody
36.7%
252Adrianna
36.7%
65Nevaeh
36.5%
198Alana
36.5%
141Mya
36.3%
123Makayla
36%
186Callie
36%
270Alexia
36%
54Kennedy
35.9%
114Jocelyn
35.9%
229Charlie
35.8%
256Annabella
35.7%
150Isla
35.6%
138Willow
35.5%
45Aaliyah
35%
93London
35%
232Gabriela
34.9%
163Norah
34.2%
255Juliette
34.2%
164Emilia
34.1%
75Piper
33.9%
127Jordyn
33.7%
72Mila
33.7%
250Camille
33.4%
61Aubree
33.4%
107Hazel
33.3%
53Paisley
33.1%
Rank Name % Correct
175Valeria
33%
110Trinity
33%
159Brooklynn
32.9%
242Lexi
32.5%
106Reagan
32.4%
269Paris
32.4%
95Gianna
32.3%
41Camila
32.2%
259Kendra
32.2%
213Kylee
32.1%
260Sienna
32.1%
248Cassidy
32%
241Leila
31.8%
221Tessa
31.8%
119Liliana
31.7%
116Aurora
31.7%
130Delilah
31.6%
113Rylee
31.5%
279Lena
31.5%
219Adeline
31.3%
283Madeleine
31.3%
48Skylar
31.2%
118Brielle
31.1%
272Gemma
31%
140Lyla
30.5%
60Serenity
30.2%
143Luna
29.8%
216Arya
29.6%
233Mckenna
29.6%
168Aliyah
29.5%
278Kayleigh
29.5%
273Lilliana
29.4%
199Hayden
29.4%
181Makenzie
29%
249Vivienne
28.9%
151Eden
28.8%
200Izabella
28.6%
294Shelby
28.6%
230Lucia
28.6%
68Genesis
28.4%
117Eliana
28.3%
174Arabella
28.2%
300Eloise
28.1%
149Laila
28.1%
190Alaina
27.9%
210Genevieve
27.9%
99Hadley
27.8%
251Noelle
27.8%
261Brynn
27.8%
276Evangeline
27.3%
152Adalyn
27.2%
206Cecilia
26.9%
244Kenzie
26.7%
240Anastasia
26.6%
197Adelyn
26.5%
228Keira
26.5%
235Parker
26.5%
196Emerson
26.3%
288Nadia
26.3%
193Harmony
26%
165Reese
25.9%
285Dakota
25.7%
201Cali
25.5%
209Jayla
25.4%
154Londyn
25.3%
112Valentina
25.3%
263Maci
25.1%
215Giselle
25%
161Emery
24.9%
188Ryleigh
24.8%
299Alessandra
24.8%
284Makenna
24.7%
214Alivia
24.7%
202Marley
24.5%
192Alina
24.2%
253Teagan
24.2%
281Elaina
23.5%
237Amaya
23.1%
268Delaney
22.7%
217Alayna
22.6%
132Kinsley
22.4%
128Adalynn
22.3%
142Ximena
22.1%
277Ayla
22.1%
189Presley
22%
195Athena
21.9%
178Everly
21.6%
262Kali
21.5%
296Elliana
21.2%
223Finley
21.2%
208Kinley
20.8%
218Leilani
19.7%
287Nova
19.5%
271Lyric
19.2%
234Brynlee
19.1%
290Kaydence
18.8%
226Aniyah
18.4%
291Journey
18.3%
267Raelynn
16.9%
227Daleyza
14.3%

You're not logged in!

Compare scores with friends on all Sporcle quizzes.
OR
Log In

Sporcle TV

Today on Sporcle TV


Watch our educational content, quiz creation guides, and fun videos on Sporcle TV.

Show Comments

Extras

Top Quizzes Today


Score Distribution

Paid Content

Your Account Isn't Verified!

In order to create a playlist on Sporcle, you need to verify the email address you used during registration. Go to your Sporcle Settings to finish the process.

Report this User

Report this user for behavior that violates our Community Guidelines.

Details: